Countries that Produce the Most College Athletes - Statistics

General Stats
  • This quiz has been taken 15 times
  • The average score is 19 of 23
Answer Stats
Hint Answer % Correct
4,408 Canada
100%
565 Italy
100%
463 Mexico
100%
395 Norway
100%
1,405 Spain
100%
807 Sweden
100%
192,408 United States
100%
313 Argentina
93%
603 Brazil
93%
689 France
93%
1,355 Germany
93%
507 Netherlands
93%
237 Poland
93%
1,933 United Kingdom
93%
1,103 Australia
87%
269 Colombia
80%
257 Denmark
80%
247 Ireland
80%
439 New Zealand
80%
460 South Africa
60%
258 Serbia
40%
305 Kenya
33%
457 Jamaica
27%
No matching quizzes found
Score Distribution
Percent of People with Each Score
Percentile by Number Answered
Your Score History
You have not taken this quiz